Frontières de la Serbie. - Statistiques

Statistiques générales
  • Ce quiz a été pris 514 fois
  • Le résultat moyen est 8 sur 8
Statistiques - réponses
Longueur Pays frontalier % Correct
302 km Bosnie-Herzégovine
96%
217 km Croatie
96%
112 km Kosovo
96%
164 km Hongrie
93%
221 km Macédoine
93%
203 km Monténégro
93%
476 km Roumanie
93%
318 km Bulgarie
92%
Aucun quiz correspondant
Distribution des résultats
% des personnes avec chaque résultat
Percentile par nombre de réponses
Votre historique - résultats
Vous n’avez pas pris ce quiz